|
|
|
|
| LEADER |
00993nam a2200253 a 4500 |
| 001 |
1232663 |
| 008 |
090809s1968 nju b 000 0 eng d |
| 010 |
|
|
|a \\68054604
|
| 040 |
|
|
|a DLC
|c DLC
|d DLC
|
| 082 |
0 |
0 |
|a 882/.01
|2 17
|
| 100 |
1 |
|
|a O'Brien, Michael John,
|e comp.
|
| 245 |
1 |
0 |
|a Twentieth century interpretations of Oedipus Rex :
|b a collection of critical essays /
|c Edited by Michael J. O'Brien.
|
| 260 |
|
|
|a Englewood Cliffs, N.J. :
|b Prentice-Hall,
|c 1968
|
| 300 |
|
|
|a iv, 119 p. ;
|c 21 cm.
|
| 490 |
0 |
|
|a Twentieth century interpretations.
|
| 490 |
0 |
|
|a A Spectrum book.
|
| 504 |
|
|
|a Bibliography: p. 118-119.
|
| 541 |
1 |
|
|e 00014273
|
| 650 |
|
0 |
|a Oedipus (Greek mythology) in literature.
|
| 650 |
|
0 |
|a Tragedy.
|
| 700 |
1 |
|
|a O'Brien, Michael J.
|
| 852 |
4 |
|
|a Ayesha Abed Library
|j General shelf
|
| 999 |
|
|
|c 3676
|d 3676
|
| 952 |
|
|
|0 0
|1 0
|2 ddc
|4 1
|6 882_000000000000000__01_OBR
|7 0
|9 3335
|a BRACUL
|b BRACUL
|c SPS
|d 2009-09-03
|g 60.00
|l 12
|m 46
|o 882.01 OBR
|p 3010014273
|r 2018-03-03
|s 2018-01-14
|t 1
|w 2009-09-03
|y BK
|